All Bleach Arcs - Statistics

General Stats
  • This quiz has been taken 355 times
    274 since last reset
  • The average score is 9 of 12
Answer Stats
Hint Answer % Correct
(118-183) Chapters Soul Society: The Rescue
95%
(71-117) Chapters Soul Society: The Sneak Entry
94%
(252-286) Chapters Arrancar: The Fierce Fight
88%
(230-251) Chapters Arrancar: The Hueco Mundo Sneak Entry
88%
480-686) Chapters The Thousand-Year Blood War
87%
(184-229) Chapters Arrancar: The Arrival
75%
(341-423) Chapters Arrancar: Downfall
74%
(287-315) Chapters Arrancar Vs Shinigami
73%
(424-479) Chapters The Lost Substitute Shinigami
70%
(316-340) Chapters Arrancar: Decisive Battle of Karakura
58%
(1-70) Chapters Agent Of The Shinigami
51%
(-108 - -97) Chapters Turn Back The Pendulum
38%
No matching quizzes found
Score Distribution
Percent of People with Each Score
Percentile by Number Answered
Your Score History
You have not taken this quiz since the last reset